000
00205 a2200097 4500
001
2906
100
_a
M Hussain, Ch.
245
_a
Development planning
260
_a
_b
Royal Books
_c
090
_c
2199
_d
2199
942
_a
NUST-CAE
_c
M
_c
13324
999
_c
237979
_d
237979